| 000 | 00468nam a22001817a 4500 | ||
|---|---|---|---|
| 003 | MPLRDC | ||
| 005 | 20220104124152.0 | ||
| 008 | 210129b ||||| |||| 00| 0 eng d | ||
| 082 | _a874.2 MELV | ||
| 100 | _aHERMAN MELVILLE | ||
| 245 |
_a白鲸记 _c邓欣扬译 |
||
| 250 | _a初版 | ||
| 260 |
_a台湾 _b远景出版事业公司 _c1981 |
||
| 300 | _b753 | ||
| 490 | _a世界文学全集. 83 | ||
| 650 | _a美国文学--长篇小说 | ||
| 942 |
_cBK _o874.2 MELV |
||
| 999 |
_c17175 _d17165 |
||